Từ điển thứ tự các nét chữ Hán Cách viết 1700 chữ Hán thông dụng

שמור ב:
מידע ביבליוגרפי
מחבר ראשי: Lê Đình Khẩn
פורמט: ספר
שפה:Undetermined
יצא לאור: Tp. HCM ĐHQG 2001
נושאים:
תגים: הוספת תג
אין תגיות, היה/י הראשונ/ה לתייג את הרשומה!
Thư viện lưu trữ: Trung tâm Học liệu Trường Đại học Cần Thơ
LEADER 00625nam a2200205Ia 4500
001 CTU_44113
008 210402s9999 xx 000 0 und d
020 |b 20.000đ 
082 |a 495.1 
082 |b Kh121 
100 |a Lê Đình Khẩn 
245 0 |a Từ điển thứ tự các nét chữ Hán 
245 0 |b Cách viết 1700 chữ Hán thông dụng 
245 0 |c Lê Đình Khẩn 
260 |a Tp. HCM 
260 |b ĐHQG 
260 |c 2001 
650 |a chinese language - orthography and spelling 
904 |i Minh, 011023 
980 |a Trung tâm Học liệu Trường Đại học Cần Thơ